000
00330nam a2200145Ia 4500
005
20251222141819.0
008
251222s9999||||xx |||||||||||||| ||spa||
020
_a
684857332
082
_a
595.796/G74
100
_a
Gordon, Deborah M.
245
0
_a
Ants at work:
250
_a
1ra.ed.
264
_b
The Free Press
942
_c
LIB
999
_c
6740
_d
6740